000 01110pam a2200337 i 4500
999 _c1055
_d1055
001 018933311
003 Uk
005 20200624105014.0
008 181003s2018 stka j 000 1 eng c
015 _aGBB8C5251
_2bnb
016 7 _a018933311
_2Uk
020 _a9781781128404 (pbk.) :
035 _a(StEdNL)99115769643304341
040 _aStDuBDS
_beng
_cStDuBDS
_dStEdNL
_dUk
_erda
042 _aukscp
082 0 4 _aFIC JOH
_223
100 1 _aJohnson, Catherine,
_d1962-
_eauthor.
245 1 0 _aRace to the frozen north :
_bthe Matthew Henson story /
_cCatherine Johnson ; with illustrations by Katie Hickey.
264 1 _aEdinburgh :
_bBarrington Stoke,
_c2018.
300 _a118 pages :
_billustrations ;
_c20 cm
336 _atext
_2rdacontent
337 _aunmediated
_2rdamedia
338 _avolume
_2rdacarrier
500 _aFormerly CIP.
_5Uk
600 1 0 _aHenson, Matthew Alexander,
_d1866-1955
_vJuvenile fiction.
655 0 _aAdventure stories.
655 0 _aChildren's stories.
655 0 _aHigh interest-low vocabulary books.
700 1 _aHickey, Katie,
_eillustrator.
942 _2ddc
_cFIC